00547nam a2200157 a 450000500170000000800410001702000180005805000230007610000210009924500780012026000480019830000210024652100090026765000670027665000460034320140310183454.0090807s19uu xx 00 eng d a9780521735513 aHC 59.7b.L63 2009 aLin, Justin Yifu aEconomic development and transition :bthought, strategy, and viability / aU.S.A :bCambridge University Press,c2009. a170 p. :c25 cm. aBSBA aStructural adjustment (Economic policy)xDeveloping countries. aDeveloping countriesxEconomic condition.